Современное состояние наземных экосистем Восточно-Уральского радиоактивного следа: уровни загрязнения, биологические эффекты

Detalles Bibliográficos
Autor Corporativo: Российская академия наук (РАН) Уральское отделение (УрО) Институт экологии растений и животных
Otros Autores: Позолотина В. Н. Вера Николаевна, Молчанова И. В. Инна Владимировна, Караваева Е. Н. Елена Николаевна, Михайловская Л. Н. Людмила Николаевна, Антонова Е. В. Елена Валерьевна
Sumario:В монографии подведены итоги комплексных радиоэкологических исследований наземных экосистем ВУРСа. Оценены уровни содержания радионуклидов в почвенно-растительном покрове обследуемой территории и проведено ее ранжирование с выделением импактной, буферной и фоновой зон. Выявлены особенности миграции и перераспределения 90Sr, 137Cs, 239>240Pu в почвах и геохимических сопряжениях. Приведены данные, характеризующие физико-химическое состояние радионуклидов в почвах и аккумулирующую способность растений. Рассчитан интегральный запас радионуклидов в почвах ВУРСа, оценены дозовые нагрузки на некоторые виды травянистых растений.Рассматриваются вопросы разнообразия флоры на территории ВУРСа, а также представлены результаты исследования жизнеспособности, мутабильности и радиоустойчивости семенного потомства наиболее распространенных видов растений. Совокупность результатов позволила оценить отдаленные последствия действия радиации и выявить механизмы адаптации растений к хроническому действию ионизирующих излучений. Книга представляет интерес для широкого круга специалистов в области радиоэкологии и радиобиологии растений, генетики, общей экологии и охраны природы.
Lenguaje:ruso
Publicado: Екатеринбург, Изд-во Гощицкий, 2008
Materias:
Formato: MixedMaterials Libro
KOHA link:https://koha.lib.tpu.ru/cgi-bin/koha/opac-detail.pl?biblionumber=168385

MARC

LEADER 00000nam0a2200000 4500
001 168385
005 20231101222744.0
010 |a 9785988290117 
035 |a (RuTPU)RU\TPU\book\182697 
090 |a 168385 
100 |a 20091028d2008 k y0rusy50 ca 
101 0 |a rus 
102 |a RU 
105 |a af z 001zy 
200 1 |a Современное состояние наземных экосистем Восточно-Уральского радиоактивного следа: уровни загрязнения, биологические эффекты  |f В. Н. Позолотина [и др.]  |g Институт экологии растений и животных 
210 |a Екатеринбург  |c Изд-во Гощицкий  |d 2008 
215 |a 204 с.  |c ил. 
320 |a Библиогр.: с. 187-201. 
330 |a В монографии подведены итоги комплексных радиоэкологических исследований наземных экосистем ВУРСа. Оценены уровни содержания радионуклидов в почвенно-растительном покрове обследуемой территории и проведено ее ранжирование с выделением импактной, буферной и фоновой зон. Выявлены особенности миграции и перераспределения 90Sr, 137Cs, 239>240Pu в почвах и геохимических сопряжениях. Приведены данные, характеризующие физико-химическое состояние радионуклидов в почвах и аккумулирующую способность растений. Рассчитан интегральный запас радионуклидов в почвах ВУРСа, оценены дозовые нагрузки на некоторые виды травянистых растений.Рассматриваются вопросы разнообразия флоры на территории ВУРСа, а также представлены результаты исследования жизнеспособности, мутабильности и радиоустойчивости семенного потомства наиболее распространенных видов растений. Совокупность результатов позволила оценить отдаленные последствия действия радиации и выявить механизмы адаптации растений к хроническому действию ионизирующих излучений. Книга представляет интерес для широкого круга специалистов в области радиоэкологии и радиобиологии растений, генетики, общей экологии и охраны природы. 
606 1 |a Радиоэкология  |2 stltpush  |3 (RuTPU)RU\TPU\subj\23334  |9 47947 
610 1 |a наземные экосистемы 
610 1 |a Восточно-Уральский радиоактивный след 
610 1 |a ВУРС 
610 1 |a почвенно-радиоэкологические исследования 
610 1 |a растения 
610 1 |a радиобиология 
610 1 |a радиация 
610 1 |a одуванчики 
610 1 |a подорожники 
610 1 |a эколого-генетическая характеристика 
610 1 |a генетика 
610 1 |a экология 
610 1 |a окружающая среда 
610 1 |a охрана 
675 |a 577.346:574  |v 3 
701 1 |a Позолотина  |b В. Н.  |g Вера Николаевна 
701 1 |a Молчанова  |b И. В.  |g Инна Владимировна 
701 1 |a Караваева  |b Е. Н.  |g Елена Николаевна 
701 1 |a Михайловская  |b Л. Н.  |g Людмила Николаевна 
701 1 |a Антонова  |b Е. В.  |g Елена Валерьевна 
712 0 2 |a Российская академия наук (РАН)  |b Уральское отделение (УрО)  |b Институт экологии растений и животных  |2 stltpush  |3 (RuTPU)RU\TPU\col\8525 
801 1 |a RU  |b 63413507  |c 20091028 
801 2 |a RU  |b 63413507  |c 20171012  |g RCR 
942 |c BK